Medailon Emilky Horové /

Na Hanku čeká další pátrání v hlubinách rodinné historie. Tentokrát jde o tajemství obestírající se kolem zmizení prababiččiny sestry Emílie na konci války.

Hlavní autor: Reviláková, Naďa, 1978-
Další autoři: Janáková, Tereza, 1996-
Jazyk: Čeština
Vydáno: V Praze : Albatros, 2021
Vydání: 1. vydání
Témata:
Fyzický popis: 151 stran : barevné ilustrace ; 25 cm
Knihy
Uloženo v:
LEADER 02210nam a2200469 i 4500
001 nkc20213365094
003 CZ PrNK
005 20211115134121.0
007 ta
008 211005s2021 xr a c 000 j cze
015 |a cnb003365094 
020 |a 978-80-00-06379-9  |q (vázáno) :  |c Kč 299,00 
035 |a (OCoLC)1288053086 
035 |a (OCoLC)1291385600 
040 |a ABG001  |b cze  |d ABA001  |e rda 
072 7 |a 821.162.3-3  |x Česká próza  |2 Konspekt  |9 25 
072 7 |a 821-93  |x Literatura pro děti a mládež (beletrie)  |2 Konspekt  |9 26 
080 |a 821.162.3-32  |2 MRF 
080 |a 821-93  |2 MRF 
080 |a (0:82-32)  |2 MRF 
100 1 |a Reviláková, Naďa,  |d 1978-  |7 xx0247069  |4 aut 
245 1 0 |a Medailon Emilky Horové /  |c Naďa Reviláková ; ilustrovala Tereza Janáková 
250 |a 1. vydání 
264 1 |a V Praze :  |b Albatros,  |c 2021 
300 |a 151 stran :  |b barevné ilustrace ;  |c 25 cm 
336 |a text  |b txt  |2 rdacontent 
337 |a bez média  |b n  |2 rdamedia 
338 |a svazek  |b nc  |2 rdacarrier 
520 2 |a Na Hanku čeká další pátrání v hlubinách rodinné historie. Tentokrát jde o tajemství obestírající se kolem zmizení prababiččiny sestry Emílie na konci války.  |b Tajemný dopis od neznámého odesílatele připraví dospívající Hance pořádné překvapení: její vzdálení příbuzní vlastní zámek! Opravdový, skutečný zámek, jako z pohádky! A dokonce je v něm i princ! Ve vzduchu je láska, dokáže se ale Hanka prosekat spletitým houštím poválečné historie? Vyřeší jednu dávnou historickou záhadu a odhalí pravdu o svých předcích? Nakladatelská anotace. Kráceno. 
521 8 |a Pro čtenáře od 11 let 
655 7 |a české příběhy  |7 fd133973  |2 czenas 
655 7 |a publikace pro děti  |7 fd133156  |2 czenas 
655 9 |a Czech stories  |2 eczenas 
655 9 |a children's literature  |2 eczenas 
700 1 |a Janáková, Tereza,  |d 1996-  |7 xx0247071  |4 ill 
910 2 |a BOA001  |b 2-1475.517 
920 |a 4615102  |z ABG001 
928 9 |a Albatros Media - Albatros 
990 |a BK 
995 |a 01 
991 |b 202110  |c NOV 
996 6 |b 2610882524  |c 2-1475.517  |l MZK  |r Sklad / do 1 hodiny  |n 3  |p p.v.  |w 001866519  |u 000010  |a 1  |e BOA001  |j MZK50  |s P